Cala a boca Calabar : a luta política dos favelados/
Enregistré dans:
| Auteur principal: | |
|---|---|
| Format: | Inconnue |
| Langue: | Portuguese |
| Publié: |
Petrópolis, Brasil:
Vozes,
1986
|
| Édition: | 3. edición |
| Sujets: | |
| Tags: |
Ajouter un tag
Pas de tags, Soyez le premier à ajouter un tag!
|
MARC
| LEADER | 000000000a22000000004500 | ||
|---|---|---|---|
| 001 | 001215 | ||
| 008 | 170626s1986 bl a|||| |||| 00| 0 por d | ||
| 041 | 0 | |a portugués | |
| 082 | |a 307.1 |b C744c3 | ||
| 100 | 1 | |a Conceicao, Fernando | |
| 245 | 1 | 0 | |a Cala a boca Calabar : |b a luta política dos favelados/ |c Fernando Conceicao |
| 250 | |a 3. edición | ||
| 260 | |a Petrópolis, Brasil: |b Vozes, |c 1986 | ||
| 300 | |a 256 páginas : |b ilustraciones | ||
| 500 | |a Número de inscripción 10384 (Colección George Yúdice) | ||
| 650 | 4 | |a DESARROLLO DE LA COMUNIDAD | |
| 650 | 4 | |a CALABAR (SALVADOR, BRASIL) - POLITICA Y GOBIERNO | |
| 942 | |2 ddc |c BK | ||
| 999 | |c 2298 |d 2298 | ||
